El libro del minotauro /
Guardado en:
| Hovedforfatter: | |
|---|---|
| Format: | Ukendt |
| Sprog: | Spanish |
| Udgivet: |
San José, Costa Rica :
Costa Rica,
1993.
|
| Udgivelse: | 1. edición |
| Fag: | |
| Tags: |
Tilføj Tag
Ingen Tags, Vær først til at tagge denne postø!
|
MARC
| LEADER | 000000000a22000000004500 | ||
|---|---|---|---|
| 001 | 001964 | ||
| 008 | 200131b xxu||||| |||| 00| 0 spa d | ||
| 020 | |a 9977235805 | ||
| 041 | 0 | |a español | |
| 082 | |a CR861.4 |b M8272L | ||
| 100 | 1 | |a Mora Delgado, Johnny | |
| 245 | 1 | 3 | |a El libro del minotauro / |
| 250 | |a 1. edición | ||
| 260 | 1 | |a San José, Costa Rica : |b Costa Rica, |c 1993. | |
| 300 | |a 62 páginas |b ilustraciones | ||
| 500 | |a Esta obra ganó el Premio Joven Creación 1990 de Poesía | ||
| 650 | 4 | |a LITERATURA COSTARRICENSE |9 76 | |
| 650 | 4 | |a POESIA |9 159 | |
| 942 | |2 ddc |c BK | ||
| 999 | |c 2849 |d 2849 | ||



